Statistiques concernant communes de l'île de la réunion

Cliquez ici pour prendre le quiz!

Statistiques générales

  • Ce quiz a été pris 163 fois
  • Le résultat moyen est 15 sur 24

Statistiques - réponses

Communes% Correct
Saint-Denis
98%
Saint-Pierre
96%
Saint-Paul
91%
le Tampon
80%
Cilaos
77%
Sainte-Marie
76%
Saint-Joseph
76%
Saint-Benoît
74%
Le Port
73%
Saint-Leu
71%
Salazie
71%
Saint-André
70%
Sainte-Rose
69%
La Possession
64%
Sainte-Suzanne
63%
Saint-Louis
62%
Saint-Philippe
58%
Bras-Panon
43%
Petite-Ile
42%
la Plaine des Palmistes
40%
Les Avirons
39%
Entre-Deux
37%
l’Etang-Salé
34%
Trois-Bassins
27%

Distribution des résultats

Percentile par nombre de réponses

% des personnes avec chaque résultat

Votre développement - résultats

Vous n’avez pas pris ce quiz